Südtiroler Gemeinden auf einer Karte - Statistiken

Allgemein
  • Dieses Quiz wurde 3.585 mal gespielt
  • Das Durchschnittsergebnis liegt bei 40 aus 116
Antworten auf der Karte
Die Antworten werden auf der Karte rot bzw. grün angezeigt, abhängig davon wie oft sie richtig erraten wurden.
 
Antwortstatistiken
Bezirksgemeinschaft Einwohner Gemeinde % Korrekt
Bozen 107.407 Bozen
92%
Burggrafenamt 41.170 Meran
80%
Eisacktal 22.572 Brixen
71%
Pustertal 16.774 Bruneck
60%
Wipptal 7.044 Sterzing
60%
Wipptal 2.252 Brenner
53%
Überetsch-Unterland 8.085 Kaltern an der Weinstraße
50%
Burggrafenamt 12.467 Lana
49%
Eisacktal 5.219 Klausen
47%
Überetsch-Unterland 14.932 Eppan an der Weinstraße
46%
Pustertal 3.349 Innichen
46%
Vinschgau 905 Glurns
45%
Vinschgau 5.287 Mals
45%
Salten-Schlern 7.160 Sarntal
45%
Vinschgau 6.242 Schlanders
45%
Pustertal 1.879 Sexten
45%
Salten-Schlern 4.864 St. Ulrich in Gröden
45%
Salten-Schlern 6.881 Kastelruth
44%
Burggrafenamt 2.443 Tirol
44%
Überetsch-Unterland 18.029 Leifers
43%
Salten-Schlern 2.586 Wolkenstein in Gröden
43%
Burggrafenamt 3.244 St. Martin in Passeier
42%
Pustertal 1.754 St. Martin in Thurn
42%
Burggrafenamt 2.911 Ulten
42%
Wipptal 1.005 Franzensfeste
41%
Vinschgau 5.889 Naturns
41%
Salten-Schlern 7.966 Ritten
41%
Überetsch-Unterland 3.807 Salurn an der Weinstraße
41%
Burggrafenamt 3.569 St. Leonhard in Passeier
40%
Überetsch-Unterland 5.463 Neumarkt
39%
Pustertal 3.346 Toblach
39%
Überetsch-Unterland 3.438 Tramin an der Weinstraße
39%
Überetsch-Unterland 3.875 Auer
38%
Vinschgau 2.386 Graun im Vinschgau
38%
Salten-Schlern 2.015 St. Christina in Gröden
38%
Pustertal 2.911 Rasen-Antholz
37%
Pustertal 6.015 Ahrntal
36%
Salten-Schlern 3.977 Deutschnofen
36%
Burggrafenamt 2.916 Schenna
36%
Vinschgau 1.150 Stilfs
36%
Überetsch-Unterland 4.538 Terlan
36%
Salten-Schlern 3.616 Völs am Schlern
36%
Burggrafenamt 5.025 Algund
35%
Salten-Schlern 3.074 Jenesien
35%
Eisacktal 3.161 Mühlbach
35%
Vinschgau 1.245 Schnals
35%
Salten-Schlern 1.999 Welschnofen
35%
Vinschgau 4.094 Laas
34%
Vinschgau 5.198 Latsch
34%
Vinschgau 829 Martell
34%
Pustertal 3.170 Olang
34%
Vinschgau 3.646 Prad am Stilfserjoch
34%
Pustertal 5.517 Sand in Taufers
34%
Vinschgau 958 Taufers im Münstertal
34%
Burggrafenamt 780 Hafling
33%
Burggrafenamt 2.066 Moos in Passeier
33%
Burggrafenamt 1.979 Nals
33%
Wipptal 4.538 Ratschings
33%
Vinschgau 1.839 Schluderns
33%
Pustertal 3.471 Abtei
32%
Pustertal 1.376 Corvara
32%
Wipptal 2.667 Freienfeld
32%
Überetsch-Unterland 2.219 Kurtatsch an der Weinstraße
32%
Überetsch-Unterland 653 Kurtinig an der Weinstraße
32%
Burggrafenamt 760 Unsere Liebe Frau im Walde-St. Felix
32%
Eisacktal 1.754 Barbian
31%
Salten-Schlern 1.694 Mölten
31%
Eisacktal 4.794 Vahrn
31%
Eisacktal 191 Waidbruck
31%
Burggrafenamt 1.751 Gargazon
30%
Vinschgau 2.286 Kastelbell-Tschars
30%
Eisacktal 2.746 Lajen
30%
Burggrafenamt 2.814 Marling
30%
Wipptal 3.090 Pfitsch
30%
Eisacktal 1.825 Villanders
30%
Eisacktal 3.245 Natz-Schabs
29%
Vinschgau 3.815 Partschins
29%
Pustertal 3.879 St. Lorenzen
29%
Eisacktal 2.571 Villnöß
29%
Pustertal 3.324 Vintl
29%
Überetsch-Unterland 1.656 Aldein
28%
Überetsch-Unterland 2.783 Branzoll
28%
Burggrafenamt 1.903 Burgstall
28%
Eisacktal 2.988 Feldthurns
28%
Eisacktal 1.555 Lüsen
28%
Pustertal 654 Prags
28%
Überetsch-Unterland 1.038 Andrian
27%
Pustertal 3.118 Enneberg
27%
Pustertal 2.325 Gsies
27%
Pustertal 2.927 Kiens
27%
Überetsch-Unterland 1.281 Margreid an der Weinstraße
27%
Pustertal 545 Prettau
27%
Pustertal 1.759 Terenten
27%
Überetsch-Unterland 1.714 Montan
26%
Salten-Schlern 1.010 Tiers
26%
Burggrafenamt 973 Vöran
26%
Pustertal 2.919 Welsberg-Taisten
26%
Pustertal 3.298 Gais
25%
Burggrafenamt 1.394 Riffian
25%
Überetsch-Unterland 1.056 Truden im Naturpark
25%
Eisacktal 3.421 Karneid
24%
Burggrafenamt 386 Kuens
24%
Pustertal 1.602 Niederdorf
24%
Pustertal 1.598 Percha
24%
Pustertal 2.860 Pfalzen
24%
Überetsch-Unterland 1.050 Pfatten
24%
Burggrafenamt 1.541 St. Pankraz
24%
Burggrafenamt 1.544 Tscherms
24%
Pustertal 1.421 Mühlwald
23%
Vinschgau 737 Plaus
23%
Eisacktal 1.262 Rodeneck
23%
Burggrafenamt 1.994 Tisens
23%
Überetsch-Unterland 395 Altrei
22%
Burggrafenamt 256 Proveis
22%
Pustertal 1.398 Wengen
22%
Burggrafenamt 338 Laurein
21%
Keine übereinstimmenden Quizze gefunden
Verteilung der Resultate
Anzahl Personen mit jedem Resultat
Perzentil nach korrekt beantworteten Fragen
Ihre Resultats-Entwicklung
Sie haben dieses Quiz noch nicht gespielt